<?xml version="1.0" encoding="UTF-8"?><?xml-stylesheet type="text/xsl" href="static/style.xsl"?><OAI-PMH xmlns="http://www.openarchives.org/OAI/2.0/" xmlns:xsi="http://www.w3.org/2001/XMLSchema-instance" xsi:schemaLocation="http://www.openarchives.org/OAI/2.0/ http://www.openarchives.org/OAI/2.0/OAI-PMH.xsd"><responseDate>2026-04-17T07:17:38Z</responseDate><request verb="GetRecord" identifier="oai:www.recercat.cat:10459.1/65630" metadataPrefix="marc">https://recercat.cat/oai/request</request><GetRecord><record><header><identifier>oai:recercat.cat:10459.1/65630</identifier><datestamp>2024-12-05T21:54:13Z</datestamp><setSpec>com_2072_3622</setSpec><setSpec>col_2072_479130</setSpec></header><metadata><record xmlns="http://www.loc.gov/MARC21/slim" xmlns:dcterms="http://purl.org/dc/terms/" xmlns:xsi="http://www.w3.org/2001/XMLSchema-instance" xmlns:doc="http://www.lyncode.com/xoai" xsi:schemaLocation="http://www.loc.gov/MARC21/slim http://www.loc.gov/standards/marcxml/schema/MARC21slim.xsd">
   <leader>00925njm 22002777a 4500</leader>
   <datafield ind2=" " ind1=" " tag="042">
      <subfield code="a">dc</subfield>
   </datafield>
   <datafield ind2=" " ind1=" " tag="720">
      <subfield code="a">Bullemore Campbell, Jorge</subfield>
      <subfield code="e">author</subfield>
   </datafield>
   <datafield ind2=" " ind1=" " tag="720">
      <subfield code="a">Cristóbal Fransi, Eduard</subfield>
      <subfield code="e">author</subfield>
   </datafield>
   <datafield ind2=" " ind1=" " tag="260">
      <subfield code="c">2019-01-25T08:33:22Z</subfield>
   </datafield>
   <datafield ind2=" " ind1=" " tag="260">
      <subfield code="c">2019-01-25T08:33:22Z</subfield>
   </datafield>
   <datafield ind2=" " ind1=" " tag="260">
      <subfield code="c">2018</subfield>
   </datafield>
   <datafield ind2=" " ind1=" " tag="520">
      <subfield code="a">En este artículo se explora la forma como se desarrolla la gestión de las fuerzas de ventas en el Perú desde la perspectiva de los recursos humanos. Su objetivo principal es el diagnóstico de aquellas variables de productividad comercial relacionadas con la gestión de personas tales como el reclutamiento y selección de vendedores, los roles que desempeñan los supervisores comerciales, y sobre cómo las firmas gestionan el desarrollo de las competencias específicas para ventas, para así proponer acciones estratégicas para gestores, consultores y académicos en general. Se desarrolló un estudio a través del método Delphi en dos rondas con un panel de expertos. Al final de este estudio se presentan una serie de implicaciones gerenciales centradas en el desarrollo de habilidades de liderazgo comercial.</subfield>
   </datafield>
   <datafield ind2=" " ind1=" " tag="520">
      <subfield code="a">This article explores the way in which sales forces are managed in Peru from the perspective of human resources (HR). Its main objective is the diagnosis of those variables of sales productivity related to HR such as the recruitment and selection of salespersons, the roles played by first line supervisors, and how firms manage the development of specific competencies for sales, to propose strategic actions for managers, consultants and academics in general. A study was developed through the Delphi method in two rounds with a panel of experts. At the end of this study, a series of managerial implications are presented, focused on the development of commercial leadership skills.</subfield>
   </datafield>
   <datafield ind1="8" ind2=" " tag="024">
      <subfield code="a">http://hdl.handle.net/10459.1/65630</subfield>
   </datafield>
   <datafield tag="653" ind2=" " ind1=" ">
      <subfield code="a">Dirección comercial</subfield>
   </datafield>
   <datafield tag="653" ind2=" " ind1=" ">
      <subfield code="a">Método Delphi</subfield>
   </datafield>
   <datafield tag="653" ind2=" " ind1=" ">
      <subfield code="a">Ventas</subfield>
   </datafield>
   <datafield tag="653" ind2=" " ind1=" ">
      <subfield code="a">Investigación Cualitativa</subfield>
   </datafield>
   <datafield ind2="0" ind1="0" tag="245">
      <subfield code="a">La gestión de los recursos humanos en las fuerzas de ventas, un estudio exploratorio a través del Método Delphi aplicado a las empresas peruanas</subfield>
   </datafield>
   <datafield ind2="0" ind1="0" tag="245">
      <subfield code="a">Human resources management in the sales forces, an exploratory study through the Delphi method applied to Peruvian companies</subfield>
   </datafield>
</record></metadata></record></GetRecord></OAI-PMH>